[Event "93rd FRA-ch 2018"]
[Site "Nimes"]
[Date "2018.08.22"]
[Round "5"]
[White "Fressinet, Laurent"]
[Black "Maze, Sebastien"]
[Result "1/2-1/2"]
[WhiteElo "2645"]
[BlackElo "2612"]
[Annotator "TA"]
[PlyCount "95"]
[EventDate "2018.08.18"]
[EventType "tourn"]
[EventCountry "FRA"]
[SourceTitle "playchess.com"]
[Source "ChessBase"]
[SourceQuality "1"]

{[%evp 21,95,0,0,0,26,-9,-21,-34,-30,-37,-14,0,0,-24,-13,-19,-12,-10,0,0,0,0,4,4,4,3,0,0,0,0,6,0,3,3,4,0,0,0,3,0,3,0,4,0,2,0,25,25,25,15,31,31,31,31,31,31,41,41,41,0,41,41,41,41,41,41,41,41,41,41,41,41,41,0,41,34]} 1. Nf3 Nf6 2. g3 c5 3. Bg2 g6 4. c4 Bg7 5. Nc3 O-O 6. d4 cxd4 7. Nxd4 Qc7 {E60: Königsindisch (ohne Sc3)} 8. Nd5 (8. Qd3 Nc6 9. Bf4 d6 10. Nxc6 bxc6 11. O-O a5 12. b3 Bb7 13. Rad1 Nd7 14. Qe3 Rfe8 15. Rc1 e5 16. Bh6 Bxh6 17. Qxh6 Nc5 18. Rfd1 Rad8 19. Rc2 f5 20. Qc1 Bc8 21. Rcd2 Be6 22. Qa3 {½-½ (22) Dreev,A (2653)-Bruzon Batista,L (2664) Havana 2018}) 8... Nxd5 9. cxd5 Qb6 10. Nb3 d6 11. O-O Qa6 {LiveBook: 9 Partien} 12. Re1 Bd7 $146 ({Vorgänger:} 12... Nd7 13. e4 Ne5 14. Be3 Qd3 15. Nd2 {0-1 (27) Groneberg,J (1973)-Gijsen,S (2194) Dortmund 2017}) 13. Nd4 Qa4 14. Qxa4 Bxa4 15. Be3 Bd7 16. Rac1 Na6 17. f4 Rac8 18. Red1 Nc7 19. Bf3 Nb5 20. Nxb5 Bxb5 21. b3 a6 22. Rxc8 Rxc8 23. Rc1 Rxc1+ 24. Bxc1 $11 {[%mdl 4096] Endspiel KLL-KLL} Bd4+ 25. Kf1 f5 26. g4 Kf7 27. Bd2 b6 {[%cal Bb7b6,Bb6b5][%mdl 32]} 28. gxf5 gxf5 29. a4 Bd7 30. e3 Bf6 31. Bh5+ Kf8 32. Be2 b5 33. a5 e5 34. dxe6 Bxe6 35. Bd3 d5 36. Bb4+ Ke8 37. Bc5 Kd7 38. b4 Bc3 39. Kf2 Kc6 40. Be2 Bf7 (40... d4 $5) 41. Bf3 Kd7 42. Ke2 Kc6 43. Kd3 Bf6 44. Bd1 Bd8 45. Bd4 Be7 46. Bc3 Bf8 47. Bc2 Be6 48. Ke2 {Precision: Weiß = 72%, Schwarz = 47%.} 1/2-1/2

[Event "93rd FRA-ch 2018"]
[Site "Nimes"]
[Date "2018.08.22"]
[Round "5"]
[White "Bauer, Christian"]
[Black "Cornette, Matthieu"]
[Result "1/2-1/2"]
[WhiteElo "2636"]
[BlackElo "2593"]
[Annotator "TA"]
[PlyCount "81"]
[EventDate "2018.08.18"]
[EventType "tourn"]
[EventCountry "FRA"]
[SourceTitle "playchess.com"]
[Source "ChessBase"]
[SourceQuality "1"]

{[%evp 20,81,36,29,35,16,23,8,14,-12,9,0,7,0,0,0,0,-8,22,26,22,15,111,48,49,56,81,50,47,3,156,156,152,152,164,213,275,286,237,165,166,158,160,136,167,42,42,42,42,42,42,17,33,0,0,0,0,0,0,0,0,0,0,0]} 1. e4 c5 2. Nf3 {[%cal Bg1f3,Bf3d4,Bd4b5,Bb5a3,Ba3c4,Bc4e3][%mdl 32]} Nc6 3. d4 cxd4 4. Nxd4 e5 5. Nb5 d6 6. N1c3 a6 7. Na3 Be6 8. Nc4 b5 9. Ne3 Nf6 {B32: Sicilian: Löwenthal and Kalashnikov Variations} 10. g3 g6 11. Bg2 {LiveBook: 6 Games} Bh6 {White has an edge.} 12. O-O O-O 13. Bd2 {[#]} Rb8 $146 ({Predecessor:} 13... Rc8 14. Ncd5 Bxd5 15. exd5 Ne7 16. a4 Qb6 17. axb5 axb5 {½-½ (57) Vocaturo,D (2607)-Radjabov,T (2741) Heraklio 2017}) 14. Kh1 Re8 15. a3 Bg7 16. Ncd5 Bxd5 17. exd5 Ne7 {[%cal Bc6e7,Be7c8,Bc8b6,Bb6c4][%mdl 32]} 18. c4 Nc8 19. Rc1 e4 20. Bc3 Qd7 (20... bxc4 $11 21. Nxc4 Nb6) 21. f4 (21. f3 $16) 21... Nb6 $14 22. f5 $1 $36 {[%mdl 2048] Black must now prevent Bxf6. White has some pressure.} Qe7 23. cxb5 axb5 24. Bxf6 Qxf6 $2 (24... Bxf6 $11 25. Ng4 Bg5) 25. fxg6 $16 Qxg6 {[#]} 26. Rc7 $1 Nc4 27. Rfxf7 (27. Nxc4 bxc4 28. Rfxf7 Be5 $11) 27... Qxf7 28. Rxf7 Kxf7 29. Bxe4 Nxe3 30. Qf3+ Kg8 {And now ...Bh6 would win.} 31. Qxe3 Bxb2 {[#]} 32. Qd3 (32. Qa7 $1 $18 Bg7 33. Bd3) 32... Re7 $14 33. Bf5 Kh8 34. Be6 Ra7 35. Qd2 Be5 36. Qe3 Rba8 {The position is equal.} 37. Qb3 Rxa3 38. Qxb5 Ra2 {...Rf2 is the strong threat.} 39. Qb7 R2a7 40. Qc6 Ra6 41. Qb7 {Precision: White = 36%, Black = 58%.} 1/2-1/2

[Event "93rd FRA-ch 2018"]
[Site "Nimes"]
[Date "2018.08.22"]
[Round "5"]
[White "Le Roux, Jean-Pierre"]
[Black "Gharamian, Tigran"]
[Result "1/2-1/2"]
[WhiteElo "2539"]
[BlackElo "2614"]
[Annotator "TA"]
[PlyCount "54"]
[EventDate "2018.08.18"]
[EventType "tourn"]
[EventCountry "FRA"]
[SourceTitle "playchess.com"]
[Source "ChessBase"]
[SourceQuality "1"]

{[%evp 19,54,0,0,0,0,0,0,-4,0,0,7,7,12,9,16,14,12,5,47,33,38,40,49,36,56,46,54,32,29,0,0,0,0,0,0,0,0]} 1. d4 Nf6 2. Nf3 d5 3. Bf4 c5 4. e3 Nc6 5. Nbd2 (5. c3 e6 6. Nbd2 cxd4 7. exd4 Nh5 8. Bg5 f6 9. Be3 Bd6 10. Bb5 O-O 11. O-O Ne7 12. Re1 Bd7 13. Bd3 g6 14. Bh6 Rf7 {½-½ (83) Caruana,F (2822)-Aronian,L (2767) chess.com INT 2018}) 5... cxd4 6. exd4 {D02: 1 d4 d5 2 Nf3 sidelines, including 2...Nf6 3 g3 and 2...Nf6 3 Bf4} Bf5 7. c3 e6 8. Qb3 Bd6 9. Bxd6 Qxd6 10. Be2 O-O {LiveBook: 5 Games} 11. O-O Rab8 12. a4 {[%cal Ba2a4,Ba4a5][%mdl 32]} h6 13. Qa3 $146 Qxa3 (13... Qc7 {is interesting.} 14. Rfe1 a6 15. b4 Ra8 16. Qb2 Rfc8) 14. Rxa3 Rfc8 15. a5 Ne4 16. Nxe4 Bxe4 17. Nd2 Bg6 18. f4 b6 19. axb6 Rxb6 20. b4 Nxb4 21. cxb4 {Threatens to win with b5.} Rc2 22. Rd1 {aiming for b5.} Rxb4 {next ...Rbb2 is good for Black.} 23. Bd3 Rxd4 24. Bxc2 Bxc2 {The position is equal.} 25. Rc1 Rxd2 26. Ra2 Rd1+ 27. Rxd1 Bxd1 {Precision: White = 66%, Black = 52%.} 1/2-1/2

[Event "93rd FRA-ch 2018"]
[Site "Nimes"]
[Date "2018.08.22"]
[Round "5"]
[White "Loiseau, Quentin"]
[Black "Gozzoli, Yannick"]
[Result "0-1"]
[WhiteElo "2417"]
[BlackElo "2596"]
[Annotator "TA"]
[PlyCount "120"]
[EventDate "2018.08.18"]
[EventType "tourn"]
[EventCountry "FRA"]
[SourceTitle "playchess.com"]
[Source "ChessBase"]
[SourceQuality "1"]

{[%evp 24,120,12,0,0,0,0,0,0,0,24,-14,16,20,28,-14,0,-4,0,-17,0,0,6,-10,0,0,0,0,0,0,0,0,4,0,0,-33,-21,-103,-103,-108,-90,-93,-101,-103,-93,-114,-118,-120,-121,-136,-127,-121,-106,-136,-126,-140,-133,-219,-221,-216,-210,-229,-218,-215,-212,-210,-181,-253,-250,-255,-244,-236,-222,-228,-204,-467,-489,-466,-460,-425,-256,-616,-615,-625,-582,-604,-591,-600,-585,-867,-857,-790,-717,-1541,-1688,-3826,-2723,-12832,-6700]} 1. e4 e5 2. Nf3 Nc6 3. Bb5 a6 4. Ba4 Nf6 5. O-O Be7 6. d3 d6 7. c3 O-O 8. Nbd2 {[%cal Bb1d2,Bd2f1,Bf1g3][%mdl 32]} Re8 9. Re1 Bf8 10. Nf1 h6 11. Ng3 b5 {C77: Ruy Lopez: 3...a6 4 Ba4 Nf6, unusual lines} 12. Bc2 (12. Bb3 Na5 13. Bc2 c5 14. d4 exd4 15. cxd4 Bg4 16. d5 Nc4 17. h3 Bxf3 18. gxf3 Qa5 19. b3 Ne5 20. Kg2 Ng6 21. Bd2 Nh4+ 22. Kh1 {½-½ (68) Bacrot,E (2725)-Almasi,Z (2682) Riadh 2017}) 12... d5 13. h3 {LiveBook: 5 Games} dxe4 {The position is equal.} 14. dxe4 Qxd1 15. Rxd1 Be6 16. Be3 g6 $146 ({Predecessor:} 16... Reb8 17. b4 a5 18. a3 g6 19. Nf1 Kg7 20. g4 Ne8 21. g5 hxg5 22. Nxg5 Bc8 23. Bb3 {½-½ (23) Usbeck,K (2226)-Svrsek,R (2224) ICCF email 2014}) 17. Nd2 h5 18. Nf3 Nh7 19. Bb3 Na5 {[%cal Bc6a5,Ba5b7,Bb7d8,Bd8e6][%mdl 32]} 20. Bxe6 Rxe6 21. b3 Be7 22. Rd5 f6 23. Rad1 Nb7 24. c4 bxc4 25. bxc4 Rc6 26. c5 Nf8 {[%cal Rb7c5]} 27. Ne1 a5 28. Rb1 Nd8 (28... Nxc5 $6 29. Rc1 $16) 29. Rb5 Nde6 30. a4 {[#]} (30. Rd1 $11 {remains equal.}) 30... Rca6 $1 $17 {aiming for ...c6.} 31. Rb7 R6a7 32. Rxa7 Rxa7 33. c6 Ra6 34. Nd3 Rxc6 35. Rxa5 Rc3 36. Nb2 Nd4 37. Ra8 Ba3 38. Rb8 Bxb2 39. Rxb2 Ra3 40. Rb7 (40. Ne2 $17 {was worth a try.}) 40... Ra1+ $19 (40... Rxa4 41. Rxc7 Ra1+ 42. Kh2 $17) 41. Kh2 h4 (41... Rxa4 42. Rxc7 Nfe6 43. Rb7 $15) 42. Nh1 {[#]} Nfe6 $1 ({Don't do} 42... Rxa4 43. Rxc7 Nfe6 44. Rb7 $17) 43. Ra7 Kf7 44. Ra8 Nc5 45. Rh8 (45. f3 $142) 45... g5 ({Not} 45... Nxe4 46. Rxh4 f5 47. f3 $17) (45... Nxa4 46. Rh7+ Ke6 47. Rxc7 $17) ({Resist} 45... Rxa4 46. Rxh4 Kg7 47. Ng3 $17) 46. Rh7+ Ke6 47. Rxc7 {Threatens to win with Bxd4.} Nxe4 48. Rc1 Rxa4 49. Re1 $2 (49. f3 {was called for.} Nd6 50. Nf2) 49... Nc2 50. Re2 Nxe3 51. Rxe3 {[%mdl 4096] Endgame KRN-KRN} f5 52. Re1 $2 (52. f3 Nd2 53. Re1) 52... Ra2 {Black is clearly winning.} 53. Kg1 Nc3 54. Kf1 Nd5 55. Kg1 Nf4 56. Kf1 Nd3 57. Rd1 e4 58. Kg1 Ke5 59. Kf1 Kd4 60. Kg1 f4 {Precision: White = 35%, Black = 76%.} 0-1

[Event "93rd FRA-ch 2018"]
[Site "Nimes"]
[Date "2018.08.23"]
[Round "6"]
[White "Bacrot, Etienne"]
[Black "Loiseau, Quentin"]
[Result "1-0"]
[WhiteElo "2699"]
[BlackElo "2417"]
[Annotator "TA"]
[PlyCount "125"]
[EventDate "2018.08.18"]
[EventType "tourn"]
[EventCountry "FRA"]
[SourceTitle "playchess.com"]
[Source "ChessBase"]
[SourceQuality "1"]

{[%evp 21,125,48,48,55,55,49,49,47,37,33,36,46,43,45,41,33,35,27,26,25,53,22,36,37,42,48,73,73,73,73,73,73,77,77,73,37,71,3,45,39,60,60,97,89,97,96,141,141,144,141,140,122,165,133,140,140,140,141,141,124,186,177,186,164,156,149,210,205,200,184,171,143,234,229,241,229,262,201,387,416,400,371,466,451,400,318,2129,1964,6621,5616,29970,29966,29971,29972,29972,29973,29974,29975,29973,29976,29976,29977,29977,29978,29977,29979]} 1. e4 c5 2. Nf3 Nc6 3. Nc3 Nf6 4. Bb5 Qc7 5. O-O Nd4 6. Re1 a6 7. Bc4 {B30: Sicilian: 2...Nc6 3 Bb5, lines without ...g6} d6 (7... e6 8. e5 Ng8 9. d3 b5 10. Bb3 Nxb3 11. axb3 Bb7 12. Bf4 f5 13. d4 Ne7 14. dxc5 Ng6 {1-0 (49) Bacrot,E (2725)-Naiditsch,A (2705) Riadh 2017}) 8. Nd5 Nxd5 9. exd5 g6 10. Nxd4 cxd4 11. d3 h6 {LiveBook: 19 Games} 12. a4 Bg7 13. a5 O-O 14. Bd2 Re8 15. Qf3 $146 e5 16. dxe6 Bxe6 17. Bxe6 Rxe6 18. Rxe6 fxe6 19. c4 dxc3 20. bxc3 Rf8 21. Qe2 (21. Qe3 {with more complications.} Re8 22. h4 Qf7 23. Rb1 d5 24. Rb6) 21... Qf7 22. Rb1 d5 23. d4 Kh7 24. h4 Re8 25. g3 e5 26. dxe5 Rxe5 {[#]} 27. Qd3 $1 h5 28. Rb4 Re4 29. Rb6 (29. Rxe4 $16 dxe4 30. Qxe4) 29... Re6 30. Rb3 Re7 31. Be3 Rc7 32. Bd4 Bxd4 33. cxd4 $16 {[%mdl 4096] Endgame KQR-KQR} Re7 34. Kg2 Kg7 35. Qb1 Rc7 36. Rb6 Re7 37. Qc2 Kh7 38. Qc8 Kg7 39. Rb3 Rc7 40. Qb8 Re7 (40... Kh7 $16 {was worth a try.}) 41. Rf3 $18 Qe8 42. Qd6 Rd7 43. Qf6+ Kh7 (43... Kh6 $16 {might work better.} 44. Re3 Qf7 45. Qh8+ Qh7 46. Qf8+ Qg7 47. Qf4+ Kh7) 44. Re3 Qf7 45. Qxf7+ Rxf7 {KR-KR} 46. Re6 Rd7 (46... Rc7 $16 {is a better defense.} 47. Rd6 Kg7) 47. Kf3 Kg7 48. Ke3 Kf7 49. Rb6 Kg7 $2 (49... Re7+ 50. Kf4 Re4+ 51. Kg5 Rg4+ 52. Kh6 Rxd4) 50. Kf4 Rf7+ {[#]} 51. Ke5 $1 Rxf2 52. Rxb7+ Kh6 53. Kxd5 Rf5+ $2 (53... Rf3 54. Ra7 Rxg3 55. Rxa6 Ra3) 54. Ke6 Rxa5 55. d5 {[%cal Bd4d5,Bd5d6,Bd6d7][%mdl 32]} Ra3 56. d6 {White mates.} Re3+ 57. Kf7 Rxg3 58. d7 Rd3 59. Ke8 Re3+ 60. Kd8 g5 61. Rb6+ Kg7 62. Kc7 Re7 63. hxg5 {Precision: White = 91%, Black = 34%.} 1-0

[Event "93rd FRA-ch 2018"]
[Site "Nimes"]
[Date "2018.08.23"]
[Round "6"]
[White "Fressinet, Laurent"]
[Black "Edouard, Romain"]
[Result "1/2-1/2"]
[WhiteElo "2645"]
[BlackElo "2638"]
[Annotator "TA"]
[PlyCount "47"]
[EventDate "2018.08.18"]
[EventType "tourn"]
[EventCountry "FRA"]
[SourceTitle "playchess.com"]
[Source "ChessBase"]
[SourceQuality "1"]

{[%evp 20,47,0,0,10,9,19,9,26,-16,-8,-60,0,0,0,0,0,0,0,0,0,-6,-7,-10,0,0,0,-31,-26,-45]} 1. d4 Nf6 2. c4 e6 3. g3 d5 4. Bg2 dxc4 5. Nf3 {[%cal Bg1f3,Bf3d2,Bd2e4][%mdl 32]} c5 6. O-O Nc6 7. dxc5 Qxd1 {E04: Open Catalan: 5 Nf3} 8. Rxd1 Bxc5 9. Nfd2 Na5 10. Na3 Bxa3 11. bxa3 {LiveBook: 10 Games. With the idea Bb2.} Nd5 12. Ne4 {next Bd2 is good for White.} O-O 13. Bd2 {[#]} Nc6 $146 ({Predecessor:} 13... b6 14. Rac1 Ba6 15. Bxa5 bxa5 {1-0 (39) Carlsen,M (2837)-Harikrishna,P (2744) Riadh 2017}) 14. Nc3 Rd8 15. Rab1 (15. Be1 $11) 15... f6 (15... b6 $1 $15) 16. Be1 $11 {[%cal Rc3d5]} Nxc3 17. Bxc3 Rxd1+ 18. Rxd1 Kf7 19. a4 Rb8 20. a5 Ke7 21. Be4 h6 22. Rc1 e5 23. e3 Be6 24. f4 {Precision: White = 41%, Black = 53%.} 1/2-1/2

[Event "93rd FRA-ch 2018"]
[Site "Nimes"]
[Date "2018.08.23"]
[Round "6"]
[White "Maze, Sebastien"]
[Black "Gharamian, Tigran"]
[Result "0-1"]
[WhiteElo "2612"]
[BlackElo "2614"]
[Annotator "TA"]
[PlyCount "68"]
[EventDate "2018.08.18"]
[EventType "tourn"]
[EventCountry "FRA"]
[SourceTitle "playchess.com"]
[Source "ChessBase"]
[SourceQuality "1"]

{[%evp 17,68,-27,-35,-43,-35,-48,-27,-31,-27,-32,-50,-75,-70,-116,-100,-122,-118,-126,-124,-129,-143,-196,-175,-175,-136,-200,-175,-196,-172,-196,-212,-265,-258,-379,-384,-530,-518,-893,-882,-832,-466,-450,-458,-458,-402,-431,-266,-249,-248,-29996,-29997,-29997,-29998]} 1. e4 c5 2. Nc3 a6 3. f4 b5 4. Nf3 Bb7 5. d3 e6 6. Qe2 {B23: Sizilianisch (Geschlossenes System)} (6. g3 Nf6 7. Bg2 d6 8. O-O Qc7 9. h3 Be7 10. a4 b4 11. Ne2 h5 12. b3 Nbd7 13. Bb2 a5 14. Kh1 e5 15. Nd2 {1-0 (36) Amonatov,F (2636)-Korobov,A (2652) Riadh 2017}) 6... Nc6 7. g3 Nd4 8. Nxd4 cxd4 9. Nd1 Rc8 {LiveBook: 5 Partien} 10. Bg2 Bb4+ 11. c3 dxc3 12. bxc3 Rxc3 13. O-O $146 Rc8 14. Bb2 Nf6 15. g4 {Und weiter mit g5 wäre nett.} O-O 16. g5 Ne8 17. Ne3 Bc3 18. Bxc3 Rxc3 19. Rf3 (19. Rad1 $17 {war angesagt.}) 19... f6 {[%cal Bf7f6,Bf6f5,Bf5e4][%mdl 32]} 20. Raf1 Qe7 21. h4 (21. Qd2 $17 Qc5 22. d4) 21... Qd6 22. Nd1 Qc5+ 23. R1f2 {zielt auf d4 ab.} Rc1 24. Kh2 f5 25. h5 (25. Qe3 {kämpft weiter.}) 25... Nd6 $19 26. h6 fxe4 27. Rh3 {[#]} (27. dxe4 $142 Nxe4 28. Qb2 gxh6 29. gxh6) 27... Rxd1 $1 28. hxg7 (28. Qxd1 Qxf2) 28... Rxf4 29. Rxf4 Qg1+ 30. Kg3 Nf5+ 31. Rxf5 exf5 32. Kf4 {[#] Schwarz sollte Dh5 verhindern.} Qd4 $1 {[%cal Re4d3][%mdl 512]} 33. Qh5 $2 (33. Kxf5 $19 d5 34. Qxd1 Bc8+ 35. Kf4 Qf2+ 36. Rf3 Qh4+ 37. Ke5 Qxg5+ 38. Kd6 Qd8+ 39. Kc6 Qd7+ 40. Kc5 Qe7+ 41. Kc6 Qb7+ 42. Kc5 Qa7+ 43. Kb4 exf3 44. Qxf3 Qe7+ 45. Kc3) 33... exd3+ 34. Kxf5 {[#]} Rf1+ $1 {[%mdl 512] Precision: Weiß = 22%, Schwarz = 94%.} 0-1

[Event "93rd FRA-ch 2018"]
[Site "Nimes"]
[Date "2018.08.23"]
[Round "6"]
[White "Gozzoli, Yannick"]
[Black "Bauer, Christian"]
[Result "1-0"]
[WhiteElo "2596"]
[BlackElo "2636"]
[Annotator "TA"]
[PlyCount "139"]
[EventDate "2018.08.18"]
[EventType "tourn"]
[EventCountry "FRA"]
[SourceTitle "playchess.com"]
[Source "ChessBase"]
[SourceQuality "1"]

{[%evp 11,139,-14,39,-38,-27,-39,-36,-19,-20,-35,-46,-56,-58,-50,-55,-56,-49,-57,-56,-49,-26,-23,-23,-13,-26,-69,-70,-64,-73,-84,-70,-69,-59,-61,-72,-102,-83,-85,-58,-68,-33,-36,-30,-31,-38,-77,-67,-75,-70,-95,-30,-20,-16,-48,-7,-7,-7,-7,0,-33,0,-33,-18,-20,-15,-62,-81,-77,-8,-15,0,0,41,42,29,23,136,136,125,160,154,156,194,199,196,179,175,177,232,222,291,280,400,394,396,354,354,354,354,345,345,340,346,346,336,288,385,380,458,476,474,460,477,451,443,443,823,471,5462,5482,5278,4397,1202,991,5739,695,780,624,5498,5070]} 1. d4 g6 2. c4 Bg7 3. e4 e6 4. Nc3 Ne7 5. Nf3 d5 6. Be2 {A40: Unusual replies to 1 d4} Nbc6 {LiveBook: 3 Games} (6... dxe4 $11 7. Nxe4 O-O) 7. O-O $146 (7. e5 $14) ({Predecessor:} 7. e5 O-O 8. O-O h6 9. Be3 Nf5 10. Qd2 dxc4 11. Bxc4 b6 12. Rfd1 {½-½ (52) Yilmaz,M (2557)-Malakhov,V (2717) Yerevan 2014}) 7... dxe4 $1 $15 8. Nxe4 {Black has an edge.} O-O 9. Bg5 f6 {[%cal Bf7f6,Bf6f5,Bf5f4][%mdl 32]} 10. Be3 f5 11. Nc3 f4 12. Bc1 Nxd4 13. Nxd4 Bxd4 14. Nb5 Be5 15. Bf3 Qxd1 (15... Nc6 {is more complex.} 16. Qxd8 Nxd8 17. Bd2 c6 18. Rfe1 Nf7) 16. Rxd1 c6 17. Re1 Bb8 18. Nc3 Nf5 $36 {[%cal Be7f5,Bf5d4,Bd4e6,Be6g5,Bg5f3][%mdl 2080] Black is pushing.} 19. b3 Nd4 {Hoping for ...Nc2.} 20. Be4 Bd6 21. Bb2 e5 22. Ne2 Ne6 23. Nc3 Ng5 24. Rad1 Be7 25. Bb1 Bg4 26. f3 {[#]} Bxf3 $1 {[%mdl 512]} 27. gxf3 Nxf3+ 28. Kf1 Nxe1 29. Rxe1 Rad8 30. Ne4 $1 Bh4 (30... Bb4 $17 31. Rc1 Bd2) 31. Rc1 $11 Rf5 32. Bc3 Rh5 33. Kg2 Be7 34. Rf1 Rf5 35. Bc2 Kf7 (35... a5 $5) 36. Nd2 Rg5+ 37. Kh1 Rh5 38. Nf3 Bf6 39. Be4 Ke6 ({Black should try} 39... g5 $17 {aiming for ...g4.} 40. Rg1 Ke6) 40. Kg2 g5 {...g4 is the strong threat.} 41. h3 {[#]} g4 $1 42. hxg4 Rg8 43. Nh2 $1 Rhg5 (43... h6 $11 {remains equal.}) 44. Bxh7 $16 Rxg4+ 45. Nxg4 Rxg4+ 46. Kf2 Bh4+ 47. Ke2 Rg2+ 48. Kd3 Rxa2 49. Rh1 Bg5 (49... Bf6 $142 50. Be4 Ra3) 50. Be4 $18 Rf2 51. Rh5 Bf6 (51... Kf6 {was called for.} 52. Rh7 f3) 52. Rh7 Rf1 53. Ke2 Rg1 54. Rxb7 Rg3 {[#] Strongly threatening ...Re3+.} 55. Bd2 $1 c5 56. Rxa7 Rxb3 57. Ra6+ Kf7 58. Rd6 Bg5 59. Rd3 Rb2 60. Kf3 {White is clearly winning.} Ke6 61. Kg4 Be7 62. Bd5+ Kf6 63. Be1 Rh2 (63... Kg6 $142 64. Be4+ Kf7) 64. Rb3 Kg7 (64... Bd8 $142 65. Rb7 Rh8 66. Bh4+ Rxh4+ 67. Kxh4 Kf5+ 68. Kh3 Ba5 69. Rf7+ Kg6) 65. Rb7 Kf8 66. Bc3 Rh4+ 67. Kf5 Rh5+ 68. Ke4 (68. Kg6 $142 Rg5+ 69. Kh6) 68... Bd6 69. Rd7 Rh3 70. Rxd6 {Precision: White = 76%, Black = 45%.} 1-0

[Event "93rd FRA-ch 2018"]
[Site "Nimes"]
[Date "2018.08.23"]
[Round "6"]
[White "Cornette, Matthieu"]
[Black "Le Roux, Jean-Pierre"]
[Result "0-1"]
[WhiteElo "2593"]
[BlackElo "2539"]
[Annotator "TA"]
[PlyCount "104"]
[EventDate "2018.08.18"]
[EventType "tourn"]
[EventCountry "FRA"]
[SourceTitle "playchess.com"]
[Source "ChessBase"]
[SourceQuality "1"]

{[%evp 13,104,13,6,5,10,16,14,6,22,18,20,14,21,0,50,58,61,32,37,43,43,43,84,37,45,41,47,35,60,59,56,70,120,118,129,129,129,129,136,134,134,133,212,203,179,179,177,59,119,33,175,-224,-224,-224,-224,-224,-224,-224,-224,-291,-291,-291,-291,-291,-291,-291,-291,-262,-235,-291,-291,-291,-291,-291,-291,-291,-291,-291,-267,-291,-252,-291,-291,-291,-291,-291,-291,-492,-270,-1993,-501,-464,-415]} 1. e4 e5 2. Bc4 Nf6 3. d3 c6 4. Nf3 d5 5. Bb3 Bb4+ 6. Bd2 Bxd2+ 7. Nbxd2 a5 {LiveBook: 7 Partien. C24: Läuferspiel} 8. a4 (8. c3 Nbd7 9. exd5 cxd5 10. O-O O-O 11. Re1 Re8 12. Nf1 b5 13. a4 b4 14. cxb4 axb4 15. Ne3 {1-0 (77) Carlsen,M (2843)-Caruana,F (2822) Stavanger 2018}) 8... Nbd7 9. O-O O-O {Die Stellung ist ausgeglichen.} 10. Re1 Qc7 11. d4 exd4 12. exd5 c5 $146 ({Vorgänger:} 12... cxd5 13. Nxd4 Nc5 14. Nf1 Bg4 15. Qd2 Qb6 16. Ne3 Rfd8 17. Nxg4 Nxg4 18. Nb5 Nxb3 19. cxb3 Rac8 20. Rad1 Nf6 21. g3 Ne4 22. Qe3 {½-½ (22) Moll,R (2601)-Vesely,P (2581) ICCF email 2016}) 13. c4 dxc3 14. bxc3 Nb6 {[%cal Bd7b6,Bb6c8,Bc8d6,Bd6f5,Bf5h4,Bh4g6][%mdl 32]} 15. c4 Bf5 16. Bc2 Bxc2 17. Qxc2 Nc8 18. Ra3 {[%cal Ba1a3,Ba3e3,Be3e2][%mdl 32]} Nd6 19. Rae3 $36 {[%mdl 2048] Weiss drückt.} Rae8 20. Ne5 Qc8 21. Nb3 Nf5 22. R3e2 Nh4 23. h3 ({Jedoch nicht} 23. Nxa5 Rxe5 24. Rxe5 Qg4 $14) 23... b6 24. Nd2 Ng6 25. Ndf3 Nd7 26. Nc6 Rxe2 27. Qxe2 Nf6 (27... Qc7 $16 28. g3 h6) 28. Nfe5 $1 $18 {[%cal Re5g6] Droht stark Sxg6.} Qc7 29. Nxg6 hxg6 30. Qe5 (30. Qe7 $18 Qxe7 31. Nxe7+ Kh7 32. f4) 30... Qxe5 ({Besser ist} 30... Qd7 $1 $14) 31. Rxe5 ({Günstiger ist} 31. Nxe5 $16 Re8 32. Kf1) 31... Ne8 (31... Re8 $14) 32. Rxe8 $4 {[%mdl 8192]} (32. Kf1 $18 {und Weiss kann entspannen.}) 32... Rxe8 {[%mdl 4096] Endspiel KT-KS} 33. Kf1 {[#]} b5 $1 {[%cal Rb5a4]} 34. cxb5 {[#] Und d6 würde nun gewinnen.} (34. axb5 a4) 34... c4 $1 {[%cal Bc5c4,Bc4c3][%mdl 32]} 35. Nxa5 c3 36. Nb3 {[#] a5 ist eine echte Drohung.} Re4 $1 37. Nc1 {beabsichtigt a5.} Rxa4 38. Ke2 Rd4 39. b6 Rxd5 40. b7 Rd8 41. Nd3 Kf8 42. Nb4 {Droht Sc6 und aus.} Rb8 43. Kd3 Rxb7 44. Kxc3 Ke7 45. Nd3 Kd6 46. Kd2 Kd5 47. Ke2 g5 48. Ne1 Rb3 49. Nf3 f6 50. Nd2 $2 (50. Ne1) 50... Ra3 (50... Rb2 $142 51. Ke3 Ra2) 51. g3 $2 (51. Nf3) 51... Ra1 (51... Ra2 $142 52. Ke3 Ra3+ 53. Ke2 Ra2) 52. Nf1 Ke6 {Precision: Weiß = 63%, Schwarz = 57%.} 0-1